000 01270nam a22003497a 4500
001 BR2019000887
003 BR-BrBNA
005 20230928105433.0
007 ta
008 230509b bl.||||| |||| 00| 0 por d
040 _aBR-BrBNA
_bpor
_cBiblioteca Nacional de Agricultura
041 _a(Por)
072 _aL73
090 _ L73 BR2019000887
100 1 _aNápoli, L. (org.)
100 1 _aSartor, D.R. (org.)
100 1 _aMartins, J.P. (org.)
110 1 _aConselho Regional de Medicina Veterinária do Paraná, Curitiba (Brasil)
_92741
110 1 _aConselho Regional de Medicina Veterinária de Santa Catarina, Florianópolis (Brasil)
110 1 _aConselho Regional de Medicina Veterinária do Rio Grande do Sul, Porto Alegre (Brasil)
_92742
245 1 _aManual de zoonoses; brucelose, febre amarela, febre maculosa, gripe aviária, larva migrans, leishmanioses, leptospirose, raiva, toxoplasmose, tuberculose. v. 1
250 1 _a1. ed.
260 3 _a[np](Brasil):
_c2009.
300 _a164 p.
500 _aIncludes several bibliographies; 23 illus.; 7 tables, 8 graphs
650 _aZOONOSE
650 _aDOENÇA ANIMAL
650 _aVETERINÁRIA
650 _aSAÚDE PÚBLICA
909 _a202309
_bLucia
_c55
_dLucia Elande
942 _cBK
999 _c85132
_d85132